Fintech térnyerésének mozgatórugói

Bibliográfiai részletek
Szerző: Noé Nikolett
További közreműködők: Csonka Dr. László
Gyárfás Tamás
Dokumentumtípus: Záródolgozat
Kulcsszavak:Fintech
Technológiai fejlődés
Innovatív megoldások
Digitális technológia
Online Access:http://dolgozattar.uni-bge.hu/22472

MARC

LEADER 00000nta a2200000 i 4500
001 dolg22472
005 20200508092448.0
008 190516suuuu hu o 000 hun d
040 |a BGE Dolgozattár Repozitórium  |b hun 
041 |a hu 
100 1 |a Noé Nikolett 
245 1 0 |a Fintech térnyerésének mozgatórugói  |c Noé Nikolett  |h [elektronikus dokumentum] 
246 1 1 |a Fintech térnyerésének mozgatórugói 
516 |a Final_paper 
695 |a Fintech 
695 |a Technológiai fejlődés 
695 |a Innovatív megoldások 
695 |a Digitális technológia 
700 1 |a Csonka Dr. László  |e ths 
700 1 |a Gyárfás Tamás  |e ths 
856 4 0 |u http://dolgozattar.uni-bge.hu/22472/1/No%C3%A9%20Nikolett%20_%20Z%C3%A1r%C3%B3dolgozat.pdf  |z Dokumentum-elérés